000 00807nam a22002297a 4500
999 _c716
_d716
003 AR-CdUCM
008 190225b ||||| |||| 00| 0 spa d
040 _aMUNICIPALIDAD PROVINCIAL DEL CUSCO
_cBIBLIOTECA MUNICIPAL DEL CUSCO
041 _heng
082 _a308 /
_bM875
100 _aMorris, George
_92757
245 _aLa CIA y el Movimiento Obrero /
260 _aMexico :
_bGrijalbo,
_c1967
300 _a159 paginas ;
_c18 cm.
505 _aEl "Gobierno invisible" -- La tesis del anticomunismo -- La asociación con el imperialismo -- Como se fraguo la conspiración -- Compañeros de armas de la CIA...
650 _aParamilitarismo
_92758
650 _aCrisis colonial
_92759
650 _aSindicatos
_92512
650 _aConspiracion
_92760
942 _2ddc
_cLIBROS
945 _awnts
_d2019-02-25